000 00404nam a22001577a 4500
003 OSt
005 20260210034132.0
008 260210b |||||||| |||| 00| 0 eng d
040 _aDWCL-Main Lib
_cOC
082 _aFic. C672 2006
100 _aCoelho, Paulo
245 _aThe witch of Portobello
260 _aNew York :
_bHarper,
_cc2006.
300 _a268 pages. ;
_c17 cm
942 _2ddc
_cFIC.
_mFic.
_n0
999 _c8326
_d8326